Rheology for polymer melt processing /

Guardado en:
Otros Autores: Piau, J. M., (Editor , ed.), Agassant, J. F., (Editor , ed.)
Formato: Libro
Idioma:English
Publicado: Amsterdam : Elsevier, 1996.
Series:Rheology series ; 5.
Materias:
Acceso en línea:Descripción
Etiquetas: Agregar Etiqueta
Sin Etiquetas, Sea el primero en etiquetar este registro!
LEADER 00987pam a22002775a 4500
001 EIQ.libpla003694
008 960628s1996####ne#a#####b####001#0#eng#d
005 20080603175308.0
245 0 0 |a Rheology for polymer melt processing /  |c edited by J.-M. Piau and J.-F. Agassant. 
260 |a Amsterdam :  |b Elsevier,  |c 1996. 
300 |a ix, 424 p. :  |b il. ;  |c 25 cm. 
490 1 |a Rheology series ;  |v vol. 5 
504 |a Incluye referencias bibliográficas e índice. 
020 |a 0444822364 (alk. paper) 
700 1 |a Piau, J. M.,  |e ed.  |4 edt 
700 1 |a Agassant, J. F.,  |e ed.  |4 edt 
830 0 |a Rheology series ;  |v 5. 
082 0 0 |a 668.9  |2 20 
650 4 |a Polímeros  |x Reología. 
650 4 |a Polímeros  |x Procesamiento. 
650 4 |a Polymers  |x Rheology. 
650 4 |a Polymers  |x Processing. 
010 |a  96031377  
040 |a DLC  |c DLC  |d AR-BbSID 
856 4 2 |3 Descripción  |u http://www.loc.gov/catdir/enhancements/fy0602/96031377-d.html 
859 |a AR-BbSID  |b BIB. PLAPIQUI  |h 668.9  |i R 343  |p 4658